| 000 | 00344nam a2200121Ia 4500 | ||
|---|---|---|---|
| 008 | 240731s9999 xx 000 0 und d | ||
| 022 | _a1478-0046 | ||
| 245 | 0 | _aCultural and Social History : The Journal of the Social History Society | |
| 260 | _bRoutledge | ||
| 856 | _uhttps://www.tandfonline.com/loi/rfcs20 | ||
| 942 | _2ddc | ||
| 942 | _cTFEJ | ||
| 999 |
_c76171 _d76171 |
||
| 945 |
_a1 _bMadushi Gamage _c1 _dMadushi Gamage |
||